header

Troublemakers (Record no. 243566)

MARC details
000 -LEADER
fixed length control field 02409nam a2200433 a 4500
082 04 - DEWEY DECIMAL CLASSIFICATION NUMBER
Classification number 813/.5209352623
100 1# - MAIN ENTRY--AUTHOR NAME
Personal name Scott, William,
245 10 - TITLE STATEMENT
Title Troublemakers
260 ## - PUBLICATION, DISTRIBUTION, ETC. (IMPRINT)
Place of publication New Brunswick, N.J. :
Name of publisher Rutgers University Press,
Year of publication c2012.
300 ## - PHYSICAL DESCRIPTION
Number of Pages x, 284 p. :
Other physical details ill.
490 0# - SERIES STATEMENT
Series statement American literatures initiative
505 0# - FORMATTED CONTENTS NOTE
Formatted contents note Introduction -- Part one: The making of the mass worker. The powerless worker and the failure of political representation : "the lowest and most degraded of human beasts"; The empowered worker and the technological representation of capital : "out of this furnace, this metal." Part two: Strategy and structure at the point of production. The disempowering worker and the aesthetic representation of industrial unionism: "I am the book that has no end!" ; The powerful worker and the demand for economic representation: "they planned to use their flesh, their bones, as a barricade" -- Conclusion: Making trouble on a global scale.
650 #0 - SUBJECT ADDED ENTRY--TOPICAL TERM
Topical Term Working class in literature.
Topical Term American fiction
Topical Term Power (Social sciences) in literature.
Topical Term Labor movement in literature.
Topical Term Work in literature.
Topical Term Social conflict in literature.
856 40 - ELECTRONIC LOCATION AND ACCESS
Uniform Resource Identifier http://site.ebrary.com/lib/rucke/Doc?id=10535588

No items available.

© 2026 Rongo University
Contact us: librarian | system librarian | Rongo university